Walter Benjamin: aviso de incendio. Una lectura de las tesis Sobre el concepto de historia
Na minha lista:
| Autor principal: | |
|---|---|
| Formato: | Livro |
| Idioma: | espanhol |
| Publicado em: |
Buenos Aires
Fondo de Cultura Económica de Argentina
2003
|
| coleção: | Sección Obras de Política y Derecho
|
| Assuntos: | |
| Tags: |
Adicionar Tag
Sem tags, seja o primeiro a adicionar uma tag!
|
MARC
| LEADER | 00000nam a2200000 a 4500 | ||
|---|---|---|---|
| 001 | UCL3679 | ||
| 003 | CL-VaPUC | ||
| 008 | 031205e20030000AG |||||||||||||||||spa|d | ||
| 020 | |a 9505575769 | ||
| 082 | 0 | 4 | |a 901 |b LOW |2 21 |
| 100 | |a Löwy, Michael |e autor |9 536886 | ||
| 245 | 1 | 0 | |a Walter Benjamin: aviso de incendio. Una lectura de las tesis Sobre el concepto de historia |
| 300 | |a 187 p | ||
| 942 | |c BK | ||
| 945 | |d 20031205 00:00:00 |a cmena | ||
| 260 | |a Buenos Aires |b Fondo de Cultura Económica de Argentina |c 2003 | ||
| 600 | 0 | |a Benjamin, Walter |d 1892-1940 |9 269121 | |
| 650 | 0 | |a Filosofía de la historia |9 265651 | |
| 650 | 0 | |a Escuelas filosóficas |9 266232 | |
| 583 | |a last modification |c 20031205 00:00:00 |k Rodrigo Vera | ||
| 490 | 0 | |a Sección Obras de Política y Derecho | |
| 999 | |c 306692 |d 306690 | ||
| 952 | |0 0 |1 0 |4 0 |6 901_000000000000000_LOW_2003 |7 0 |8 A |9 371909 |a BIBEDU |b BIBEDU |d 2019-11-21 |i 3970353 |o 901 LOW 2003 |p 3970353 |r 2019-11-21 |w 2019-11-21 |y BK |k FIL | ||
| 952 | |0 0 |1 0 |4 0 |6 901_000000000000000_LOW_2003 |7 0 |8 A |9 371910 |a BIBEDU |b BIBEDU |d 2019-11-21 |i 3975002 |o 901 LOW 2003 |p 3975002 |r 2019-11-21 |w 2019-11-21 |y BK |k PSI | ||